| 000 | 00711cam a22002411 4500 | ||
|---|---|---|---|
| 001 | af 47001675 | ||
| 003 | DLC | ||
| 005 | 20260227110809.0 | ||
| 008 | 770921s1944 xx 000 0 fre c | ||
| 010 | _aaf 47001675 | ||
| 035 | _a(OCoLC)3284320 | ||
| 040 |
_aHarvard univ. Library _cOC _dDLC |
||
| 042 | _apremarc | ||
| 050 | 0 | 0 |
_aND553.D3 _bR35 |
| 082 | _a759.4 | ||
| 100 | 1 | _aRebatet, Marguerite. | |
| 245 | 0 | 0 |
_aDegas, _cpar Marguerite Rebatet. |
| 260 |
_aParis, _bP. Tisné _c[1944] |
||
| 300 |
_a39, [1] p., 5 l. _b128 pl. (part mount. col.) on 64 l. _c21 x 16 cm. |
||
| 490 | 0 | _aBibliothèque franc̜aise des arts | |
| 504 | _a"Bibliographie sommaire": p. [41] | ||
| 600 | 1 | 0 |
_aDegas, Edgar, _d1834-1917 |
| 999 |
_c1342 _d1342 |
||